Datum a čas kvízu
23.5
Celkem bodů
Celkový počet nahraných bodů na tomto kvízu bez doplňovacích otázek.
5.
Pořadí na kvízu
Konečné umístění týmu na tomto kvízu.
Zaznamenané odpovědi
| # | Otázka | Odpověď | Body | Výsledky |
|---|---|---|---|---|
| 1. | V úterý organizace Dárek pro P... | po Daně Drábové | 1 | |
| 2. | Která z asijských zemí si vůbe... | Japonsko; Irsko | 0 | |
| 3. | Ve Vatikánu se po 491 letech u... | Karel III. | 1 | |
| 4. | Na Islandu byl zaznamenán prvn... | komár | 1 | |
| 5. | Která česká sportovkyně a olym... | Petra Kvitová | 1 | |
| 6. | Dnešní zeměpisné téma otevírám... | Golčův Jeníkov, Gmünd | 0.5 | |
| 7. | Které z následujících tvrzení... | C | 0 | |
| 8. | V další otázce bude vaším úkol... | 1C 2B 3A 4D | 0 | |
| 9. | Napište název města obsahující... | Nottingham | 0 | |
| 10. | V této koláži jsou spojené vla... | Gruzie, Guatemala | 0 |